¡Caminar! : (Registro nro. 291)

Detalles MARC
000 -Cabecera
Campo de control interno 00638nam a2200229Ia 4500
005 - Fecha y hora del registro
control field 20251205090628.0
008 - Elementos de Longitud Fija
fixed length control field 251203t2014||||xx |||||||||||||| ||spa||
020 ## - ISBN
ISBN 9788416127139
041 ## - Idioma
Codigo Idioma ESP
082 ## - DEWEY y NOTACIÓN INTERNA
Dewey 796.51
Notación Interna G83
100 ## - AUTOR
Autor denominación Grundsten, Claes,
Títulos y otras palabras asociadas con el nombre AUT
245 #0 - TÍTULO DE MATERIAL BIBLIOGRÁFICO
Título ¡Caminar! :
Título paralelo las mejores rutas del mundo
246 ## - TÍTULO TRADUCIDO
Título Trek!5
260 ## - CIUDAD, EDITORIAL, AÑO
Ciudad [Barcelona] :
Nombre de la Editorial Luppa Solutions,
Año 2014
300 ## - DESCRIPCIÓN
N° Páginas 190 páginas :
Otros detalles fotografías ;
Dimensiones 28 cm.
650 ## - TEMAS
Temas Las Artes
653 ## - DESCRIPTORES
Lenguajes no controlado Caminatas; Excursionismo; Montañismo
654 ## - PROGRAMAS
Programa Todos los programas
700 ## - OTROS AUTORES
Otros autores Rodríguez Fischer, Cristina,
Títulos y otras palabras asociadas con el nombre coordinador
942 ## - ELEMENTOS DE KOHA
Tipo de documento Libro
Nombre del creador Justo Noguera
Código de catalogador Margarita Torres
Esquema de clasificación Dewey Decimal Classification
Existencias
Codigo completo Registro Colección Copia número Disponibilidad Tipo de préstamo Biblioteca Actual Procedencia (Biblioteca) Ubicacón Fecha Ingreso Tipo de Adquisición Date last seen Total checkouts Price effective from Tipo de Item Estado del Material Fuente de Clasificación Damaged status Withdrawn status
796.51 G83 1085170 Colección Vera Bejar 1   Restringido Víctor Andrés Belaunde Víctor Andrés Belaunde Planta baja cerrada 03/12/2025 Donación 03/12/2025   03/12/2025 Libro Bueno Dewey Decimal Classification   Withdrawn